<?xml version="1.0" encoding="UTF-8"?>
<record
    xmlns:xsi="http://www.w3.org/2001/XMLSchema-instance"
    xsi:schemaLocation="http://www.loc.gov/MARC21/slim http://www.loc.gov/standards/marcxml/schema/MARC21slim.xsd"
    xmlns="http://www.loc.gov/MARC21/slim">

  <leader>01376cam a22002653a 4500</leader>
  <controlfield tag="001">0000774</controlfield>
  <controlfield tag="003">DO-SdBNP</controlfield>
  <controlfield tag="005">20161102101154.0</controlfield>
  <controlfield tag="007">0000774</controlfield>
  <controlfield tag="008">861112   19-- sp  a        000 0 spa d</controlfield>
  <datafield tag="010" ind1=" " ind2=" ">
    <subfield code="a"> </subfield>
  </datafield>
  <datafield tag="020" ind1=" " ind2=" ">
    <subfield code="a">8422200376 (obra completa)</subfield>
  </datafield>
  <datafield tag="020" ind1=" " ind2=" ">
    <subfield code="a">8422200058 (v. 5)</subfield>
  </datafield>
  <datafield tag="040" ind1=" " ind2=" ">
    <subfield code="a">BPMSU</subfield>
    <subfield code="c">spa</subfield>
    <subfield code="d">BPMSU</subfield>
    <subfield code="d"> </subfield>
  </datafield>
  <datafield tag="245" ind1="0" ind2="0">
    <subfield code="a">Enciclopedia juvenil Pala /</subfield>
    <subfield code="c">direcci&#xF3;n Luis Gasca </subfield>
  </datafield>
  <datafield tag="260" ind1=" " ind2=" ">
    <subfield code="a">San Sebasti&#xE1;n, Espa&#xF1;a :</subfield>
    <subfield code="b">Pala,</subfield>
    <subfield code="c">[197u].</subfield>
  </datafield>
  <datafield tag="300" ind1=" " ind2=" ">
    <subfield code="a">v . :</subfield>
    <subfield code="b">il.</subfield>
    <subfield code="c">26 cm.</subfield>
  </datafield>
  <datafield tag="500" ind1=" " ind2=" ">
    <subfield code="a">La biblioteca posee el volumen 5.</subfield>
  </datafield>
  <datafield tag="500" ind1=" " ind2=" ">
    <subfield code="a">Incluye &#xED;ndice de ilustraciones.</subfield>
  </datafield>
  <datafield tag="505" ind1="2" ind2=" ">
    <subfield code="g">v. 5 --</subfield>
    <subfield code="g">La astronom&#xED;a --</subfield>
    <subfield code="g">Cap&#xED;tulo primero --</subfield>
    <subfield code="t">La astronom&#xED;a a trav&#xE9;s de la historia --</subfield>
    <subfield code="g">Cap&#xED;tulo segundo --</subfield>
    <subfield code="t">Nuestro planeta la tierra --</subfield>
    <subfield code="g">Cap&#xED;tulo tercero --</subfield>
    <subfield code="t">La luna --</subfield>
    <subfield code="g">Cap&#xED;tulo cuarto --</subfield>
    <subfield code="t">El sol --</subfield>
    <subfield code="g">Cap&#xED;tulo quinto --</subfield>
    <subfield code="t">El sistema solar --</subfield>
    <subfield code="g">Cap&#xED;tulo sexto --</subfield>
    <subfield code="t">Las estrellas --</subfield>
    <subfield code="g">Cap&#xED;tulo s&#xE9;ptimo --</subfield>
    <subfield code="t">Nuestra galaxia --</subfield>
    <subfield code="g">Cap&#xED;tulo octavo --</subfield>
    <subfield code="t">Las otras galaxias --</subfield>
    <subfield code="g">Cap&#xED;tulo noveno --</subfield>
    <subfield code="t">El universo --</subfield>
    <subfield code="g">Cap&#xED;tulo d&#xE9;cimo --</subfield>
    <subfield code="t">La vida en el universo --</subfield>
    <subfield code="g">Cap&#xED;tulo und&#xE9;cimo --</subfield>
    <subfield code="t">Hacia una civilizaci&#xF3;n gal&#xE1;ctica --</subfield>
    <subfield code="g">Cap&#xED;tulo duod&#xE9;cimo --</subfield>
    <subfield code="t">M&#xE9;todos e instrumentos de la astronom&#xED;a --</subfield>
    <subfield code="g">Cap&#xED;tulo decimotercero --</subfield>
    <subfield code="t">El astr&#xF3;nomo aficionado --</subfield>
  </datafield>
  <datafield tag="600" ind1="0" ind2="0">
    <subfield code="a"> </subfield>
    <subfield code="x"> </subfield>
  </datafield>
  <datafield tag="700" ind1="1" ind2="2">
    <subfield code="a">Gasca, Luis</subfield>
    <subfield code="e">dir.</subfield>
  </datafield>
  <datafield tag="942" ind1=" " ind2=" ">
    <subfield code="2">ddc</subfield>
    <subfield code="c">BK</subfield>
  </datafield>
  <datafield tag="952" ind1=" " ind2=" ">
    <subfield code="0">0</subfield>
    <subfield code="1">0</subfield>
    <subfield code="2">ddc</subfield>
    <subfield code="4">0</subfield>
    <subfield code="7">0</subfield>
    <subfield code="8">CJ-G</subfield>
    <subfield code="a">BPMET</subfield>
    <subfield code="b">BPMET</subfield>
    <subfield code="d">2016-11-02</subfield>
    <subfield code="e">Sin sellar</subfield>
    <subfield code="l">0</subfield>
    <subfield code="p">BPMSU16110030</subfield>
    <subfield code="r">2016-11-02</subfield>
    <subfield code="w">2016-11-02</subfield>
    <subfield code="y">BK</subfield>
  </datafield>
  <datafield tag="956" ind1=" " ind2=" ">
    <subfield code="2">YLOCKWARD</subfield>
    <subfield code="3">10</subfield>
    <subfield code="8">BPMSU</subfield>
  </datafield>
  <datafield tag="999" ind1=" " ind2=" ">
    <subfield code="c">11764</subfield>
    <subfield code="d">11764</subfield>
  </datafield>
</record>
